000 00632nam a2200217Ii 4500
003 JO-AjNU
008 230606s9999||||xx |||||||||||||| ||und||
020 _a0-273-60743-x
040 _aJO-AjNU
_beng
_erda
_cJO-AjNU
041 _aeng
050 1 4 _aHF5625. G58 1992
100 3 _aGlautier,M W E/ Underdown B,
_eauthor
_93437
245 0 0 _aAccounting Theory and Practice: solutions manual
250 _a5th ed
264 3 1 _aLondon: Pitman Publishing,1994
300 _a57p
336 _atext
_btxt
_2rdacontent
337 _aunmediated
_bn
_2rdamedia
338 _avolume
_bnc
_2rdacarrier
650 4 _aAccounting Theory
_93438
999 _aE1794
_c1794
_d1794